000 01228nam0a2200325 4500
001 RU\NLR\bibl\39984
005 20250615025538.0
010 _a5-89209-409-Х
_9100
021 _aRU
_b99-18055
_9874
035 _a(NLR Aleph) 000038992
090 _a202375
_c202375
100 _a19990723d1999 |||y0rusy50 ca
101 0 _arus
102 _aRU
105 _ay |||||||||
200 1 _aЭкономическая теория безналогового государства
_fМаркарян К.В.
_gМГУ им. М.В. Ломоносова. Экон. фак. Каф. полит. экономии, Центр соц.-экон. трансформаторов
210 _aМ.
_cДиалог-МГУ
_d1999
215 _a32 с.
_d21
320 _aБиблиогр.: с. 30-31
606 0 _aМакроэкономика
_91518341
_3RU\NLR\auth\66659814
606 0 _aКорпоративная стратегия
_92098574
_3RU\NLR\auth\661269485
686 _aУ010.3
686 _aУ010.066
700 1 _aМаркарян
_bК. В.
_gКапен Ваникович
_4070
801 0 _aRU
_bNLR
_c19990723
_gPSBO
801 1 _aRU
_bNLR
_c19990723
852 _aNLR
_j99-4/4151
942 _cBOOK
980 _aNB